|
|
|
|
| LEADER |
00000naa2a2200000 4500 |
| 001 |
203656 |
| 005 |
20260127120439.0 |
| 035 |
|
|
|a (RuTPU)RU\TPU\book\221946
|
| 035 |
|
|
|a RU\TPU\book\221943
|
| 090 |
|
|
|a 203656
|
| 100 |
|
|
|a 20111110d2010 k y0rusy50 ca
|
| 101 |
0 |
|
|a rus
|
| 102 |
|
|
|a RU
|
| 135 |
|
|
|a drnn ---uucaa
|
| 181 |
|
0 |
|a i
|
| 182 |
|
0 |
|a b
|
| 200 |
1 |
|
|a Возможны ли инновации без человека: развитие компетенций персонала в рамках стратегии кайзен
|f О. Ю. Котова
|g науч. рук. Е. В. Нехода
|
| 203 |
|
|
|a Текст
|c электронный
|
| 215 |
|
|
|a 1 файл (61 Кб)
|
| 300 |
|
|
|a Заглавие с экрана.
|
| 337 |
|
|
|a Adobe Reader
|
| 463 |
|
1 |
|0 (RuTPU)RU\TPU\book\221406
|t Природные ресурсы в XXI веке: экономика, управление, инновации
|o сборник трудов Международной научно-практической конференции (Томск, 28-29 октября 2010 г.)
|f Национальный исследовательский Томский политехнический университет (ТПУ), Институт природных ресурсов (ИПР)
|d 2010
|
| 610 |
1 |
|
|a компетенции
|
| 610 |
1 |
|
|a кайзен
|
| 610 |
1 |
|
|a управление
|
| 610 |
1 |
|
|a инновации
|
| 610 |
1 |
|
|a стратегия кайзен
|
| 610 |
1 |
|
|a электронный ресурс
|
| 610 |
1 |
|
|a персонал
|
| 610 |
1 |
|
|a труды учёных ТПУ
|
| 700 |
|
1 |
|a Котова
|b О. Ю.
|
| 702 |
|
1 |
|a Нехода
|b Е. В.
|4 727
|
| 801 |
|
1 |
|a RU
|b 63413507
|c 20111107
|
| 801 |
|
2 |
|a RU
|b 63413507
|c 20130620
|g RCR
|
| 856 |
4 |
|
|u http://www.lib.tpu.ru/fulltext/v/Conferences/2010/K01/p44.pdf
|
| 942 |
|
|
|c CF
|